000 00356nam a22001577a 4500
003 OSt
008 250917b |||||||| |||| 00| 0 eng d
020 _a9789395767200
082 _a36.2092 MAI
100 _aMARIA,Rakesh
245 _aLet me Say It Now
250 _a1st IMP
260 _aNew Delhi
_bWestland
_c2022
300 _a614
942 _2ddc
_cREF
999 _c13734
_d13734